Ask and it is given : (Record no. 2038)
[ view plain ]
| 000 -LEADER | |
|---|---|
| fixed length control field | 00844cam a22002774a 4500 |
| 001 - CONTROL NUMBER | |
| JCCL Control Number | 2038 |
| 003 - CONTROL NUMBER IDENTIFIER | |
| JCCL marc code | BD-JhCC |
| 005 - DATE AND TIME OF LATEST TRANSACTION | |
| control field | 20220630134020.0 |
| 008 - FIXED-LENGTH DATA ELEMENTS--GENERAL INFORMATION | |
| fixed length control field | 040322s2004 cau 000 0 eng |
| 020 ## - INTERNATIONAL STANDARD BOOK NUMBER | |
| International Standard Book Number | 1401904599 (pbk.) |
| 035 ## - SYSTEM CONTROL NUMBER | |
| system control number | (BD-JhCC)2038 |
| 040 ## - CATALOGING SOURCE | |
| Original cataloging agency | DLC |
| Transcribing agency | DLC |
| Modifying agency | DLC |
| 041 ## - LANGUAGE CODE | |
| Language code of Book | eng |
| 050 00 - LIBRARY OF CONGRESS CALL NUMBER | |
| Classification number | BF1301 |
| Item number | .A17 2004 |
| 082 00 - DEWEY DECIMAL CLASSIFICATION NUMBER | |
| Classification number | 133.9/3 |
| DDC Edition number | 22 |
| Author mark and Year | ABR 2004 |
| 100 0# - MAIN ENTRY--PERSONAL NAME | |
| Personal name | Abraham |
| Titles and other words associated with a name | (Spirit) |
| 245 10 - TITLE STATEMENT | |
| Title | Ask and it is given : |
| Remainder of title | learning to manifest your desires / |
| Statement of responsibility, etc | [channelled by] Esther and Jerry Hicks. |
| 260 ## - PUBLICATION, DISTRIBUTION, ETC. (IMPRINT) | |
| Place of publication, distribution, etc | Carlsbad, Calif. : |
| Name of publisher, distributor, etc | Hay House, |
| Date of publication, distribution, etc | c2004. |
| 300 ## - PHYSICAL DESCRIPTION | |
| Pagination | xxxi, 314 p. ; |
| Dimensions | 23 cm. |
| 650 #0 - SUBJECT ADDED ENTRY--TOPICAL TERM | |
| Topical term or geographic name as entry element | Spirit writings. |
| 700 1# - ADDED ENTRY--PERSONAL NAME | |
| Personal name | Hicks, Esther, |
| Dates associated with a name | 1948- |
| 700 1# - ADDED ENTRY--PERSONAL NAME | |
| Personal name | Hicks, Jerry. |
| 856 41 - ELECTRONIC LOCATION AND ACCESS | |
| Materials specified | Table of contents |
| Uniform Resource Identifier | http://www.loc.gov/catdir/toc/ecip0416/2004006622.html |
| 942 ## - ADDED ENTRY ELEMENTS (KOHA) | |
| Source of classification or shelving scheme | Dewey Decimal Classification |
| Koha item type | Books |
| Koha issues (borrowed), all copies | 6 |
| Source of classification or shelving scheme | Damaged status | Not for loan | Home library | Current library | Shelving location | Date of accession | Total Checkouts | Full call number | Barcode | Date last seen | Date checked out | Copy number | Koha item type |
|---|---|---|---|---|---|---|---|---|---|---|---|---|---|
| Dewey Decimal Classification | JCC Rouf Library | JCC Rouf Library | General Stacks | 10/28/2017 | 8 | 133.9/3 ABR 2004 | 3333 | 01/25/2026 | 11/16/2025 | C-1 | Books |